000 01205naa a22003137a 4500
001 BR6009406
003 BR-BrBNA
005 20240918173016.0
007 ta
008 230509b bl.||||| |||| 00| 0 por d
040 _aBR-BrBNA
_bpor
_cBiblioteca Nacional de Agricultura
041 _a(Pt)
072 _aF30
_b0336
_bG514
090 _aF30 BR6009406
100 1 _aDall'Agnol, A.
100 1 _aVelloso, J.A.R. de O.
111 1 _a3. Reuniao Conjunta de Pesquisa de Soja - RS/SC
_cPorto Alegre, RS (Brazil)
_d18 Aug 1975
245 1 _aEnsaios preliminares de linhagens [Melhoramento genetico vegetal; Soja; Passo Fundo; Rio Grande do Sul; Brasil]
260 3 _aPasso Fundo, RS (Brasil):
_c1975.
500 _aSoja - Resultados de pesquisa obtidos em Passo Fundo em 1974/75 Passo Fundo, RS (Brasil): 1975. v. 1 p. 13-35 (BR6009406-AM)F30
650 _aMelhoramento genetico vegetal
650 _aSoja
650 _aLinhagem
650 _aRendimento
650 _aRio Grande do Sul
773 0 _tSoja - Resultados de pesquisa obtidos em Passo Fundo em 1974/75
_wF30 BR6009406
_gPasso Fundo, RS (Brasil), 1975. v. 1 p. 13-35
909 _a202404
_bLucia
_c55
_dLucia Elande
942 _cAM
_2AGRIS
999 _c302491
_d302491